Online katalóg knižníc regiónu Turca

Smrť v bielom (Record no. 20727)

MARC details
000 -LEADER
fixed length control field 01805cam a2200505 a 4500
001 - CONTROL NUMBER
control field 20727
003 - CONTROL NUMBER IDENTIFIER
control field VRT
005 - DATE AND TIME OF LATEST TRANSACTION
control field 20260130143744.0
008 - FIXED-LENGTH DATA ELEMENTS--GENERAL INFORMATION
fixed length control field 240702s1997 xo er 000 f slo
015 ## - NATIONAL BIBLIOGRAPHY NUMBER
National bibliography number SNBA1997/0601508
020 ## - INTERNATIONAL STANDARD BOOK NUMBER
International Standard Book Number 8022007374
035 ## - SYSTEM CONTROL NUMBER
System control number SNK000228653
035 ## - SYSTEM CONTROL NUMBER
System control number urn:nbn:sk:snk-amkg12
035 ## - SYSTEM CONTROL NUMBER
System control number urn:nbn:sk:snk-am003cml
035 ## - SYSTEM CONTROL NUMBER
System control number 0842E7A7-CD76-4395-AB20-D6A92DA1F7A8
039 #9 - LEVEL OF BIBLIOGRAPHIC CONTROL AND CODING DETAIL [OBSOLETE]
Level of rules in bibliographic description 202411261019
Level of effort used to assign nonsubject heading access points msnk123
Level of effort used to assign subject headings 202408282104
Level of effort used to assign classification AUTHORITY
Level of effort used to assign subject headings 202408282050
Level of effort used to assign classification AUTHORITY
Level of effort used to assign subject headings 202408282049
Level of effort used to assign classification csnk01
040 ## - CATALOGING SOURCE
Original cataloging agency SNK
Language of cataloging slo
Transcribing agency SNK
Description conventions AACR2
041 1# - LANGUAGE CODE
Language code of text/sound track or separate title slo
Language code of original eng
044 ## - COUNTRY OF PUBLISHING/PRODUCING ENTITY CODE
MARC country code xo
ISO country code SK
072 #7 - SUBJECT CATEGORY CODE
Subject category code 821.111(73)-3
Subject category code subdivision Americká próza
Source konspekt
080 ## - UNIVERSAL DECIMAL CLASSIFICATION NUMBER
Universal Decimal Classification number 820 (73)-3
Edition identifier 1981
080 ## - UNIVERSAL DECIMAL CLASSIFICATION NUMBER
Universal Decimal Classification number 821.111(73)-31
Edition identifier 2011
080 ## - UNIVERSAL DECIMAL CLASSIFICATION NUMBER
Universal Decimal Classification number (0:82-312.4)
Edition identifier 2011
100 1# - MAIN ENTRY--PERSONAL NAME
Personal name Robinson, Leah Ruth,
Dates associated with a name 1951-
Relationship aut
240 10 - UNIFORM TITLE
Uniform title Blood run
Language of a work Slovensky
245 10 - TITLE STATEMENT
Title Smrť v bielom
Statement of responsibility, etc. Leah Ruth Robinsonová
260 ## - PUBLICATION, DISTRIBUTION, ETC.
Place of publication, distribution, etc. Bratislava
Name of publisher, distributor, etc. Slovenský spisovateľ
Date of publication, distribution, etc. 1997
300 ## - PHYSICAL DESCRIPTION
Extent 174 s.
Dimensions 21 cm
490 1# - SERIES STATEMENT
Series statement Zelená knižnica
500 ## - GENERAL NOTE
General note Z angličtiny preložil Miroslav Tkáč
655 #7 - INDEX TERM--GENRE/FORM
Genre/form data or focus term americké romány
Source of term SNKPH
655 #7 - INDEX TERM--GENRE/FORM
Genre/form data or focus term detektívne romány
Source of term SNKPH
700 1# - ADDED ENTRY--PERSONAL NAME
Personal name Tkáč, Miroslav
Relationship trl
830 #0 - SERIES ADDED ENTRY--UNIFORM TITLE
Uniform title Zelená knižnica
911 ## - EQUIVALENCE OR CROSS-REFERENCE-CONFERENCE OR MEETING NAME [LOCAL, CANADA]
Meeting name or jurisdiction name as entry element KN 1997/06
Number [OBSOLETE] 01508
942 ## - ADDED ENTRY ELEMENTS (KOHA)
Source of classification or shelving scheme Dewey Decimal Classification
Koha item type Krásna literatúra pre dospelých
Suppress in OPAC No
949 ## - LOCAL PROCESSING INFORMATION (OCLC)
9 P60, <09>, [BOOK], {629}
a snkC 448
b snk875/970228
949 ## - LOCAL PROCESSING INFORMATION (OCLC)
6 17A0037420
9 P60, <03>, [BOOK], {603}
a snkSC 92490
b snkKSP 2029/97
s 6100:20140925
949 ## - LOCAL PROCESSING INFORMATION (OCLC)
6 17A0037421
9 P60, <05>, [BOOK], {605}
a snkSC 92490 D1
b snkKSP 2030/97
949 ## - LOCAL PROCESSING INFORMATION (OCLC)
6 4710701870
a strmkB
b strmk2008/1870
949 ## - LOCAL PROCESSING INFORMATION (OCLC)
6 270001000042692
a svkbbA 92960
b svkbbm 607639
p 607.639
949 ## - LOCAL PROCESSING INFORMATION (OCLC)
6 273K0229007
a svkpoA 169416
b svkpo421613
Holdings
Stav vyradenia Strata Poškodenie Spôsob nadobudnutia Domovská knižnica Aktuálna knižnica Dátum nadobudnutia Total checkouts Čiarový kód exemplára Date last seen Typ exemplára
      Dar Obecná knižnica Horná Štubňa Obecná knižnica Horná Štubňa 30.01.2026   9788022007375 30.01.2026 Krásna literatúra pre dospelých
Projekt je podporený Slovenskou asociáciou knižníc
Prevádzkuje Turčianska knižnica Martin 2026